000 00491nam a2200169Ia 4500
003 GCL
008 140319s9999 xx 000 0 eng d
040 _aGCL /
_cGCL
082 0 4 _a423
_bH A
100 1 _aHOUGHTON MIFFIN COMPANY
245 1 0 _aTBE AMERICAN HERITAGE DIATIONERY OF THE ENGLISH LANGUAGE 3 RD /
_cHOUGHTON MIFFIN COMPANY
260 _a[S.N] :
_bHOUGHTON MIFFLIN COMPANY ،
_c1992
300 _a2140
650 0 4 _aDICTIONARIES
650 0 4 _aENGLISH LANGUAGE
942 _2ddc
_cBK
999 _c11094
_d11094